| 000 | 01053nam a22002777a 4500 | ||
|---|---|---|---|
| 001 | 7326 | ||
| 003 | FISKH | ||
| 005 | 20250709143142.0 | ||
| 008 | 250709b cb ||||| |||| 00| 0 eng d | ||
| 020 | _a0590477331 | ||
| 040 |
_aFISKH _beng _cFISKH _dFISKH |
||
| 050 | _aPZ7.A892 M | ||
| 082 | _a 813 | ||
| 100 |
_aAtwater, Richard _d(1892–1948) |
||
| 245 |
_aMr. Popper's penguins : _bMr.Popper is in for a particularly pleasant surprise! / _cBy Richard and Florece Atwater ; Illustrated by Robert Lawson |
||
| 250 | _aThis edition first published in 1994 | ||
| 260 |
_aBoston : _bScholastic, _c1938 |
||
| 300 |
_a138 pages : _billustrations ; _c20 cm |
||
| 520 | _aThe unexpected delivery of a large crate containing an Antarctic penguin changes the life and fortunes of Mr. Popper, a house painter obsessed by dreams of the Polar regions. | ||
| 650 |
_2Children's literature _aAnimals |
||
| 650 |
_2Juvenile fiction _aPenguins |
||
| 700 | _aAtwater, Florence | ||
| 700 |
_aLawson, Robert _dillustrator |
||
| 942 |
_2ddc _cBK _n0 |
||
| 999 |
_c7326 _d7326 |
||